000 00733nam a2200217 a 4500
001 85010
003 BD-RjUL
005 20250619103204.0
008 250619s1993 bg ||||| |||| 00| 0 ben d
035 _a(BD-RjUL)85010
040 _aBD-RjUL
_beng
_cBD-RjUL
041 _aben
082 _223
_a891.441092
_bSHR 1993
100 _aশাহ, রকীব
245 _aরকীব শাহ'র ভ্রমণ-স্মৃতি /
_cরকীব শাহ
260 _aঢাকা :
_bবনবীথিপ্রকাশনী,
_c১৯৯৩
300 _a৪৮ পৃ.;
_c২২ সেমি.
600 _aশাহ, রকীব
_d১৯০২-১৯৬৭
600 _aSah, Rakib
_d1902-1967
_915683
942 _2ddc
_cBK
999 _c85010
_d85010